[Event "Bergheim op"]
[Site "Bergheim"]
[Date "2003.09.14"]
[Round "7"]
[White "Kremer, Maximilian"]
[Black "Friedsam, Manfred"]
[Result "1/2-1/2"]
[WhiteElo "1849"]
[BlackElo "1839"]
[PlyCount "74"]
[EventDate "2003.09.11"]
[EventType "swiss"]
[EventRounds "7"]
[EventCountry "GER"]
[SourceTitle "EXT 2006"]
[Source "ChessBase"]
[SourceDate "2005.11.24"]
[SourceVersion "1"]
[SourceVersionDate "2005.11.24"]
[SourceQuality "1"]

1. Nf3 f5 2. g3 d6 3. Bg2 e5 4. 0-0 Nf6 5. d3 Be7 6. c4 c6 7. Nc3 0-0 8. e4 Qe8 9. Ne1 Qg6 10. f4 exf4 11. Bxf4 Ng4 12. Nc2 Nd7 13. Qe2 Nde5 14. d4 Nf7 15. Ne3 Nxe3 16. Qxe3 Bg5 17. e5 Bxf4 18. gxf4 dxe5 19. dxe5 Be6 20. b3 Rfd8 21. Rad1 Rxd1 22. Rxd1 Qg4 23. h3 Qh4 24. Qf2 Qxf2+ 25. Kxf2 Rd8 26. Rxd8+ Nxd8 27. Na4 b6 28. Nc3 Kf7 29. Ne2 h6 30. h4 Bd7 31. Ke3 Ne6 32. Nd4 Nxd4 33. Kxd4 a5 34. Bf3 Ke6 35. c5 b5 36. a4 b4 37. Be2 Ke7 1/2-1/2